000
00305nam a22001337a 4500
082
_a
823
_b
ABR/S
100
_a
NARI, ABRAR
100
_a
WARR, R P
245
_a
SLEEPING BEAUTY AND OTHER STORIES
260
_a
CHENNAI
_b
SEASON'S PUBLISHING
300
_a
128
650
_a
ENGLISH STORY
_z
INDIA
942
_c
BK
999
_c
7418
_d
7418